Populist Party Candidates for President and Vice President - Statistics

General Stats
  • This quiz has been taken 3 times
  • The average score is 6 of 10
Answer Stats
Election Candidate % Correct
1896 William Jennings Bryan
100%
1892 James B. Weaver
67%
1892 James G. Field
67%
1904 Thomas E. Watson
67%
1908 Thomas E. Watson
67%
1896 Thomas E. Watson
67%
1900 Ignatius L. Donnelly
33%
1908 Samuel Williams
33%
1904 Thomas Tibbles
33%
1900 Wharton Barker
33%
No matching quizzes found
Score Distribution
Percent of People with Each Score
Percentile by Number Answered
Your Score History
You have not taken this quiz